000 00973nam a2200289Ia 4500
005 20220317000707.0
008 160601s2002 sp a g 000 0 spa
020 _a8434886081
082 0 4 _a577.3
_bD24s
100 1 _aDelafosse, Claude
245 1 3 _aLa selva
_crealizado por Claude Delafosse y Gallimard Jeunesse ; ilustrado por Christian Broutin ; traducción Teresa Tellechea
250 _a1a edición
300 _a34 páginas
_bilustraciones
_c21 cm
650 1 4 _2LEMB
_aSelvas
650 1 4 _2LEMB
_aAnimales de la selva
650 1 4 _2LEMB
_aFauna forestal
650 1 4 _2LEMB
_aBosques tropicales
650 1 4 _2LEMB
_aEcología forestal
700 1 _aJeunesse, Gallimard
_952842
700 1 _aTellechea, Teresa,
_etraductor
_952843
942 _2ddc
_cBK
264 _aMadrid
_bS. M.
_c2002
336 _atexto
_btxt
_2rdacontent
337 _asin mediación
_bn
_2rdamedia
338 _avolumen
_bnc
_2rdacarrier
040 _aCO-BoRNBP
_bspa
_erda
_cCO-BoRNBP
999 _c4797
_d4797